Matrimonium / (Record no. 186128)
[ view plain ]
| 000 -LEADER | |
|---|---|
| campo de control de longitud fija | 00912nam a2200265 i 4500 |
| 001 - NÚMERO DE CONTROL | |
| campo de control | 186128 |
| 003 - IDENTIFICADOR DE NÚMERO DE CONTROL | |
| campo de control | SpMaBN |
| 005 - FECHA Y HORA DE LA ÚLTIMA TRANSACCIÓN | |
| campo de control | 20231201134517.0 |
| 008 - DATOS DE LONGITUD FIJA--INFORMACIÓN GENERAL | |
| campo de control de longitud fija | 160912s2003 sp |||| |bspa d |
| 020 ## - NÚMERO INTERNACIONAL ESTÁNDAR DEL LIBRO | |
| Número Internacional Estándar del Libro | 84-8453-126-0 |
| 080 ## - NÚMERO DE LA CLASIFICACIÓN DECIMAL UNIVERSAL | |
| Número de la Clasificación Decimal Universal | 929 Tesanovic, Jasmina |
| 080 ## - NÚMERO DE LA CLASIFICACIÓN DECIMAL UNIVERSAL | |
| Número de la Clasificación Decimal Universal | 821.111-94"19" |
| 100 1# - ENTRADA PRINCIPAL--NOMBRE DE PERSONA | |
| Nombre de persona | Tesanovic, Jasmina. |
| 9 (RLIN) | 160794 |
| 245 10 - MENCIÓN DEL TÍTULO | |
| Título | Matrimonium / |
| Mención de responsabilidad, etc. | Jasmina Tesanovic ; traducción de Ana Inés Larre Borges. |
| 250 ## - MENCION DE EDICION | |
| Mención de edición | 1ª ed. en esta colección. |
| 260 ## - PUBLICACIÓN, DISTRIBUCIÓN, ETC. | |
| Lugar de publicación, distribución, etc. | Barcelona : |
| Nombre del editor, distribuidor, etc. | Ediciones del Bronce, |
| Fecha de publicación, distribución, etc. | 2003. |
| 300 ## - DESCRIPCIÓN FÍSICA | |
| Extensión | 204 p. ; |
| Dimensiones | 22 cm. |
| 490 1# - MENCIÓN DE SERIE | |
| Mención de serie | Reflexiones |
| 600 17 - PUNTO DE ACCESO ADICIONAL DE MATERIA--NOMBRE DE PERSONA | |
| Nombre de persona | Tesanovic, Jasmina. |
| 9 (RLIN) | 160794 |
| 830 0# - PUNTO DE ACCESO ADICIONAL DE SERIE-TÍTULO UNIFORME | |
| Título uniforme | Reflexiones |
| 9 (RLIN) | 225346 |
| 852 ## - LOCALIZACIÓN | |
| Ubicación | ES-MaACL |
| Número de control de estantería | A-13797 |
| Sublocalización o colección | R.150889 |
| Ubicación en estantería | Depósito 1 |
| Signatura antigua | Olim: N-6797 |
| Donativo/Legado | Donación: Sección de Derechos Civiles |
| itemnumber | 193180 |
| 914 ## - NOMBRE ENTIDAD DE DONANTE | |
| RLIN | 234614 |
| Nombre de congreso/reunión o jurisdicción como elemento de entrada | Ateneo de Madrid. |
| Unidad subordinada | Donante |
| 942 ## - ELEMENTOS DE ENTRADA SECUNDARIOS (KOHA) | |
| Fuente del sistema de clasificación o colocación | Clasificación decimal universal |
| Estatus retirado | Estado de pérdida | Fuente del sistema de clasificación o colocación | Estado de daño | No para préstamo | Biblioteca de origen | Biblioteca actual | Ubicación en estantería | Fecha de adquisición | Fuente de adquisición | Total de préstamos | Signatura topográfica completa | Código de barras | Visto por última vez | Precio de reemplazo | Tipo de ítem Koha |
|---|---|---|---|---|---|---|---|---|---|---|---|---|---|---|---|
| Clasificación decimal universal | Biblioteca del Ateneo de Madrid | Biblioteca del Ateneo de Madrid | Depósito 1 | 12/09/2016 | Donación | A-13797 | 1196235 | 23/02/2023 | 23/02/2023 | Libro impreso |
